| 000 | 00430cam a2200157ua 4500 | ||
|---|---|---|---|
| 041 |
_aeng _h |
||
| 082 |
_a303.34 _bBAS/LE |
||
| 100 | _aBass, Bernard.M . | ||
| 245 |
_aLeadership, psychology, and organizational behaviour / _cM.Bernard Bass. _hTextual Documents |
||
| 250 |
_a1 / _b. |
||
| 260 |
_aNew York : _bHaeper and Brothers Publishers , _c1960. |
||
| 300 | _a548 ; . | ||
| 504 | _a | ||
| 942 | _cBK | ||
| 999 |
_c2225 _d2225 |
||